| 000 | 01073nas a2200337 4500 | ||
|---|---|---|---|
| 001 | BR2013007751 | ||
| 003 | BR-BrBNA | ||
| 005 | 20231205123018.0 | ||
| 007 | ta | ||
| 008 | 230509b bl.|||p| |||| 00| 00por d | ||
| 040 |
_aBR-BrBNA _bpor _cBiblioteca Nacional de Agricultura |
||
| 041 | _a(En) | ||
| 072 | _aF50; F02 | ||
| 100 | 1 | _aStein, V.C. | |
| 100 | 1 | _aPaiva, R. | |
| 100 | 1 | _aVargas, D.P. | |
| 100 | 1 | _aSoares, F.P. | |
| 100 | 1 | _aAlves, E. | |
| 100 | 1 | _aNogueira, G.F. | |
| 245 | 1 | _aUltrastructural calli analysis of Inga vera Willd. Subsp. ffinis (DC.)T.D. Penn | |
| 246 | 1 | _aUltrastructural calli analysis of Inga vera Willd. Subsp. ffinis (DC.)T.D. Penn | |
| 650 | _aINGÁ | ||
| 650 | _aCALO | ||
| 650 | _aMORFOLOGIA VEGETAL | ||
| 650 | _aAPARELHO REPRODUTOR | ||
| 650 | _a | ||
| 773 | 0 |
_tRevista Árvore (Brazil) _xISSN 0100-6762 _g(Sep-Oct 2010), v. 34(5) p. 789-796 _wBR2013007751 |
|
| 856 | 4 |
_uhttp://www.scielo.br/pdf/rarv/v34n5/04.pdf _yRecurso eletrônico (PDF) |
|
| 909 |
_a202311 _bLúcia _c55 _dLúcia Elande |
||
| 942 |
_2AGRIS _n0 _cANA |
||
| 999 |
_c231755 _d231755 |
||